|
|
|
|
| LEADER |
01593nam a2200457 a 4500 |
| 001 |
nkc20112235431 |
| 003 |
CZ PrNK |
| 005 |
20231013132155.0 |
| 007 |
ta |
| 008 |
111006s2011 xr a f 001 0 cze |
| 015 |
|
|
|a cnb002235431
|
| 020 |
|
|
|a 978-80-247-3953-3
|q (brož.)
|
| 040 |
|
|
|a OLA001
|b cze
|d BOA001
|
| 041 |
0 |
|
|a cze
|b eng
|
| 043 |
|
|
|a e-xr---
|
| 072 |
|
7 |
|a 657
|x Účetnictví
|2 Konspekt
|9 4
|
| 080 |
|
|
|a 657
|2 MRF
|
| 080 |
|
|
|a (437.3)
|2 MRF
|
| 080 |
|
|
|a (048.8)
|2 MRF
|
| 100 |
1 |
|
|a Hinke, Jana,
|d 1978-
|7 mzk2006322708
|4 aut
|
| 245 |
1 |
0 |
|a Účetnictví.
|n 1,
|p Aplikace principů a technik /
|c Jana Hinke, Dana Bárková
|
| 246 |
3 |
0 |
|a Aplikace principů a technik
|
| 250 |
|
|
|a 2., aktualiz. a dopl. vyd.
|
| 260 |
|
|
|a Praha :
|b Grada,
|c 2011
|
| 300 |
|
|
|a 144 s. :
|b il. ;
|c 24 cm
|
| 490 |
1 |
|
|a Základy účetnictví v příkladech
|
| 500 |
|
|
|a Část. tištěno napříč
|
| 504 |
|
|
|a Obsahuje bibliografii a rejstřík
|
| 546 |
|
|
|a Anglické resumé
|
| 650 |
0 |
7 |
|a účetnictví
|7 ph116911
|z Česko
|2 czenas
|
| 650 |
0 |
9 |
|a accounting
|z Czechia
|2 eczenas
|
| 655 |
|
7 |
|a monografie
|7 fd132842
|2 czenas
|
| 655 |
|
9 |
|a monographs
|2 eczenas
|
| 700 |
1 |
|
|a Bárková, Dana,
|d 1962-
|7 mzk2002145217
|4 aut
|
| 830 |
|
0 |
|a Základy účetnictví v příkladech
|0 s
|
| 910 |
2 |
|
|a BOA001
|b 2-1273.775
|
| 990 |
|
|
|a BK
|
| 995 |
|
|
|a 01
|
| 991 |
|
|
|b 201112
|c NOV
|e n
|
| 996 |
6 |
|
|b 2610492778
|c 2-1273.775
|l MZK
|r Sklad / do 1 hodiny
|n 0
|p p.v.
|w 001212400
|u 000010
|a 1
|e BOA001
|j MZK50
|s P
|
| 996 |
7 |
|
|b 2610683167
|c 2-1273.775
|l Vol.výběr
|r VV 1p
|n 16
|p kup
|h 657 BÁR
|w 001212400
|u 000020
|a 0
|e BOA001
|j MZK50
|s A
|